Hit and miss (Record no. 76659)

MARC details
000 -LEADER
fixed length control field 01288cab a2200181 4500
001 - CONTROL NUMBER
control field ##L132847
008 - FIXED-LENGTH DATA ELEMENTS--GENERAL INFORMATION
fixed length control field 060314n2006 000 0 eng u
035 ## - SYSTEM CONTROL NUMBER
System control number (Sirsi) u132847
041 0# - LANGUAGE CODE
Language code of text/sound track or separate title eng
100 1# - MAIN ENTRY--PERSONAL NAME
Personal name Cruise, Sinead
245 00 - TITLE STATEMENT
Title Hit and miss
260 ## - PUBLICATION, DISTRIBUTION, ETC.
Date of publication, distribution, etc. 2006
490 #0 - SERIES STATEMENT
Series statement Property Week
Volume/sequential designation 71(10) 10 March 2006, 36-39(4)
520 ## - SUMMARY, ETC.
Summary, etc. The Alternative Investment Market is the fastest-growing investment market in the world. Even in the last 18 months, private investors have generated almost £2bn investment in AIM-listed property companies. Nevertheless, whilst they enjoy great success, there are fears that small investors may be ignoring the risk. Questions are being asked about how safe foreign property is through AIM with regard to future equities. Whilst recently a newspaper reported that around 50 companies face having their shares suspended because they are cash shells that fail to meet investor's expectations. The experienced investor knows that AIM is the riskier route to pioneering investment. However, a stock market watchdog has been called upon to ensure weakly managed organisations do not exploit other more naive investors.
590 ## - LOCAL NOTE (RLIN)
Local note IKA140306
690 ## - LOCAL SUBJECT ADDED ENTRY--TOPICAL TERM (OCLC, RLIN)
Topical term or geographic name as entry element PROPERTY-PROPERTY FINANCE AND INVESTMENT-PROPERTY INVESTMENT MANAGEMENT
942 ## - ADDED ENTRY ELEMENTS (KOHA)
Suppress in OPAC 0
Holdings
Withdrawn status Lost status Source of classification or shelving scheme Damaged status Not for loan Home library Current library Shelving location Date acquired Total Checkouts Full call number Barcode Date last seen Copy number Price effective from Koha item type
    Dewey Decimal Classification     London London Journal article 14/03/2006   L132847 132847-1001 06/08/2019 1 06/08/2019 Journal article